00422nam a2200169Ia 4500001001000000003000500010008004100015010001100056040000900067082001700076100001800093245003900111260003200150300001100182650003200193650002700225Para_8999CHAP220125s2002 xx 000 0 und d a207777 cCHAP aPA 646.7 C63 aCoelho, Paulo aEl alquimista /c por Paulo Coelho aMéxico, D.F. :b Grijalbo a203 p. aMotivación (psicología) aSuperación personal